[Event "Titled Tuesday intern op 16th Apr Early"]
[Site "Chess.com INT"]
[Date "2024.04.16"]
[Round "8"]
[White "Kotyk, Michael"]
[Black "Eilenberg, Jonas"]
[Result "0-1"]
[WhiteElo "2125"]
[BlackElo "2290"]
[PlyCount "80"]
[EventDate "2024.04.16"]
[EventType "swiss (blitz)"]
[EventRounds "11"]
[EventCountry "USA"]
[SourceTitle "CB17_2024"]
[SourceDate "2024.04.24"]
[SourceVersion "1"]
[SourceVersionDate "2024.04.24"]
[SourceQuality "1"]

1. d4 d5 2. c4 e6 3. Nc3 c6 4. e4 dxe4 5. Nxe4 Bb4+ 6. Nc3 e5 7. a3 Bxc3+ 8. bxc3 exd4 9. cxd4 Nf6 10. Nf3 0-0 11. Be2 Re8 12. 0-0 h6 13. Bb2 Bf5 14. Re1 Nbd7 15. Qb3 Qb6 16. Qc3 Ne4 17. Qc1 Ndf6 18. Ne5 Rad8 19. c5 Qc7 20. Qf4 Qc8 21. Bc4 Nd5 22. Qh4 Nef6 23. Re2 Bg4 24. f3 Be6 25. Rae1 Nc7 26. Bd3 Bf5 27. Bc4 Be6 28. Bd3 Bf5 29. Bc4 Ncd5 30. h3 Bg6 31. Ng4 Rxe2 32. Rxe2 Re8 33. Ne5 Kh7 34. Qe1 Nf4 35. Re3 N6d5 36. Bxd5 Nxd5 37. Re2 Nf4 38. Re3 Qf5 39. g4 Qc2 40. Qf1 Qxb2 0-1

[Event "Berlin-ch"]
[Site "Berlin"]
[Date "2024.04.05"]
[Round "7"]
[White "Eilenberg, Jonas"]
[Black "Lagunow, Alexander"]
[Result "1-0"]
[WhiteElo "2303"]
[BlackElo "2350"]
[PlyCount "55"]
[EventDate "2024.03.30"]
[EventType "swiss"]
[EventRounds "9"]
[EventCountry "GER"]
[SourceTitle "CB15_2024"]
[SourceDate "2024.04.10"]
[SourceVersion "1"]
[SourceVersionDate "2024.04.10"]
[SourceQuality "1"]

1. d4 Nf6 2. c4 e6 3. Nc3 Bb4 4. Qc2 c5 5. dxc5 0-0 6. a3 Bxc5 7. Nf3 d5 8. e3 dxc4 9. Bxc4 Nbd7 10. 0-0 b6 11. b4 Be7 12. Bb2 a5 13. Rad1 axb4 14. axb4 Bb7 15. Nb5 Qb8 16. Ng5 Rd8 17. Nxf7 Kxf7 18. Bxe6+ Kxe6 19. Qc4+ Bd5 20. Nc7+ Kf7 21. Rxd5 Nxd5 22. Qxd5+ Kg6 23. Qe4+ Kf7 24. Qe6+ Kf8 25. Bxg7+ Kxg7 26. Qxe7+ Kg8 27. Nxa8 Nf8 28. Nc7 1-0

[Event "Berlin-ch"]
[Site "Berlin"]
[Date "2024.04.03"]
[Round "5"]
[White "Eilenberg, Jonas"]
[Black "Nogly, Christoph"]
[Result "1/2-1/2"]
[WhiteElo "2303"]
[BlackElo "2228"]
[PlyCount "59"]
[EventDate "2024.03.30"]
[EventType "swiss"]
[EventRounds "9"]
[EventCountry "GER"]
[SourceTitle "CB15_2024"]
[SourceDate "2024.04.10"]
[SourceVersion "1"]
[SourceVersionDate "2024.04.10"]
[SourceQuality "1"]

1. d4 d5 2. c4 e6 3. Nc3 Nf6 4. Bg5 Be7 5. Nf3 Nbd7 6. e3 h6 7. Bh4 0-0 8. Qc2 c6 9. Nd2 a6 10. cxd5 exd5 11. Bd3 Re8 12. 0-0 Nh5 13. Bxe7 Qxe7 14. Rfe1 Nf8 15. Rad1 Ne6 16. Nf1 Bd7 17. a3 Rad8 18. Ng3 Nxg3 19. hxg3 Bc8 20. b4 h5 21. f3 Qf6 22. a4 b5 23. Ne2 Rd6 24. axb5 axb5 25. Nc1 g6 26. Nb3 Kg7 27. Qf2 Rh8 28. Ra1 h4 29. gxh4 Rxh4 30. Qg3 1/2-1/2

[Event "Titled Tuesday intern op 13th Feb Early"]
[Site "Chess.com INT"]
[Date "2024.02.13"]
[Round "6"]
[White "Eilenberg, Jonas"]
[Black "Putnam, Liam H"]
[Result "0-1"]
[WhiteElo "2299"]
[BlackElo "2323"]
[PlyCount "104"]
[EventDate "2024.02.13"]
[EventType "swiss (blitz)"]
[EventRounds "11"]
[EventCountry "USA"]
[SourceTitle "CB08_2024"]
[SourceDate "2024.02.21"]
[SourceVersion "1"]
[SourceVersionDate "2024.02.21"]
[SourceQuality "1"]

1. d4 Nf6 2. c4 g6 3. Nc3 Bg7 4. Nf3 0-0 5. Bg5 d6 6. e3 h6 7. Bh4 Nbd7 8. Be2 e5 9. Qc2 Re8 10. Rd1 b6 11. dxe5 dxe5 12. Nd5 c6 13. Nc3 Qe7 14. Ne4 g5 15. Bg3 Nxe4 16. Qxe4 Bb7 17. 0-0 Nc5 18. Qc2 Rad8 19. b4 Na6 20. a3 c5 21. b5 Nc7 22. a4 e4 23. Nd2 f5 24. Bh5 Rf8 25. Bxc7 Qxc7 26. Nb1 Be5 27. h3 Kg7 28. Nc3 Qe7 29. Nd5 Bxd5 30. cxd5 Rd6 31. Qc4 Rfd8 32. Rd2 R6d7 33. Rfd1 Bd6 34. Be2 Qe5 35. g3 f4 36. Bg4 Rf7 37. exf4 gxf4 38. Re1 fxg3 39. Rxe4 gxf2+ 40. Rxf2 Qa1+ 41. Rf1 Rxf1+ 42. Qxf1 Qxf1+ 43. Kxf1 Rf8+ 44. Kg2 Rf6 45. Re8 Rf8 46. Re6 Rf6 47. Re8 c4 48. Rc8 Bc5 49. Rc7+ Kg6 50. Be2 Rf2+ 51. Kg3 Rxe2 52. d6 Bxd6+ 0-1

[Event "Titled Tuesday intern op 06th Feb Early"]
[Site "Chess.com INT"]
[Date "2024.02.06"]
[Round "4"]
[White "Akobian, Varuzhan"]
[Black "Eilenberg, Jonas"]
[Result "1-0"]
[WhiteElo "2571"]
[BlackElo "2299"]
[PlyCount "78"]
[EventDate "2024.02.06"]
[EventType "swiss (blitz)"]
[EventRounds "11"]
[EventCountry "USA"]
[SourceTitle "CB07_2024"]
[SourceDate "2024.02.14"]
[SourceVersion "1"]
[SourceVersionDate "2024.02.14"]
[SourceQuality "1"]

1. d4 d5 2. c4 e6 3. Nc3 c6 4. Nf3 dxc4 5. a4 Bb4 6. e4 b5 7. Qc2 Bb7 8. Be2 a6 9. 0-0 Nd7 10. Bg5 Qc7 11. e5 h6 12. Bd2 Bxc3 13. bxc3 Ne7 14. Rab1 Nb6 15. a5 Nd7 16. Qe4 c5 17. Qg4 Nf5 18. Nh4 g6 19. Nxf5 exf5 20. Qh4 g5 21. Bxg5 Rg8 22. Qxh6 cxd4 23. e6 Nf8 24. Bh5 Rg6 25. Bxg6 fxg6 26. e7 Ne6 27. Qxg6+ Kd7 28. e8Q+ Rxe8 29. Qf7+ Kd6 30. Qxe8 Nxg5 31. Rfe1 Nh3+ 32. Kf1 Nf4 33. Qe5+ Kd7 34. Qg7+ Kd6 35. Qh6+ Kd7 36. Qg7+ Kd6 37. Qxd4+ Bd5 38. Qxf4+ Kc6 39. Qxc7+ Kxc7 1-0

[Event "Titled Tuesday intern op 06th Feb Early"]
[Site "Chess.com INT"]
[Date "2024.02.06"]
[Round "5"]
[White "Eilenberg, Jonas"]
[Black "Fakhretdinova, Margarita"]
[Result "1-0"]
[WhiteElo "2299"]
[BlackElo "2153"]
[PlyCount "87"]
[EventDate "2024.02.06"]
[EventType "swiss (blitz)"]
[EventRounds "11"]
[EventCountry "USA"]
[SourceTitle "CB07_2024"]
[SourceDate "2024.02.14"]
[SourceVersion "1"]
[SourceVersionDate "2024.02.14"]
[SourceQuality "1"]

1. e4 c5 2. Nf3 d6 3. Bb5+ Bd7 4. c4 Nf6 5. Nc3 g6 6. Bxd7+ Qxd7 7. d4 cxd4 8. Qxd4 Bg7 9. Bg5 0-0 10. 0-0 Nc6 11. Qd2 Rfc8 12. b3 Qd8 13. Rac1 Qa5 14. Rfe1 Rab8 15. h3 a6 16. Nd5 Qxd2 17. Nxd2 Re8 18. Nc7 Rec8 19. Nd5 Re8 20. Nxf6+ Bxf6 21. Bxf6 exf6 22. Rcd1 Re6 23. f3 Rbe8 24. Kf2 Nb4 25. Nb1 Nxa2 26. Rd2 Nb4 27. Red1 b5 28. Rxd6 bxc4 29. bxc4 Rc8 30. Na3 Rc6 31. Rd8+ Kg7 32. Rb8 Rb6 33. Rdd8 Rxb8 34. Rxb8 Nd3+ 35. Ke3 Rd6 36. Nc2 Ne5 37. Rc8 Rd3+ 38. Ke2 Rc3 39. Ne3 a5 40. f4 Nd7 41. Nd5 a4 42. Nxc3 a3 43. Ra8 Nc5 44. Rxa3 1-0

[Event "Titled Tuesday intern op 06th Feb Late"]
[Site "Chess.com INT"]
[Date "2024.02.06"]
[Round "4"]
[White "Hubbard, Andrew"]
[Black "Eilenberg, Jonas"]
[Result "0-1"]
[WhiteElo "2109"]
[BlackElo "2299"]
[PlyCount "64"]
[EventDate "2024.02.06"]
[EventType "swiss (blitz)"]
[EventRounds "11"]
[EventCountry "USA"]
[SourceTitle "CB07_2024"]
[SourceDate "2024.02.14"]
[SourceVersion "1"]
[SourceVersionDate "2024.02.14"]
[SourceQuality "1"]

1. d4 d5 2. c4 e6 3. Nc3 c6 4. e3 Nf6 5. Nf3 Nbd7 6. Bd3 dxc4 7. Bxc4 b5 8. Bd3 Bb7 9. 0-0 a6 10. e4 c5 11. d5 c4 12. Bc2 Qc7 13. Bg5 0-0-0 14. Qe2 Bd6 15. Rfe1 Ne5 16. h3 h6 17. Bxf6 gxf6 18. Rad1 Rhg8 19. Nb1 Bc5 20. Nbd2 Kb8 21. b3 exd5 22. exd5 c3 23. Ne4 Bxd5 24. Rxd5 Rxd5 25. Nxf6 Nxf3+ 26. Qxf3 Rd2 27. Nxg8 Bxf2+ 28. Kf1 Bxe1 29. Kxe1 Rxc2 30. Nf6 Qe5+ 31. Kf1 Rc1+ 32. Kf2 Qe1# 0-1

[Event "Titled Tuesday intern op 06th Feb Early"]
[Site "Chess.com INT"]
[Date "2024.02.06"]
[Round "10"]
[White "Kaliakhmet, Elnaz"]
[Black "Eilenberg, Jonas"]
[Result "0-1"]
[WhiteElo "2000"]
[BlackElo "2299"]
[PlyCount "90"]
[EventDate "2024.02.06"]
[EventType "swiss (blitz)"]
[EventRounds "11"]
[EventCountry "USA"]
[SourceTitle "CB07_2024"]
[SourceDate "2024.02.14"]
[SourceVersion "1"]
[SourceVersionDate "2024.02.14"]
[SourceQuality "1"]

1. d4 d5 2. c4 e6 3. Nf3 a6 4. cxd5 exd5 5. Nc3 h6 6. Bf4 Nf6 7. e3 Bd6 8. Bxd6 Qxd6 9. Bd3 0-0 10. 0-0 Nc6 11. a3 Re8 12. h3 g6 13. Qc2 Kg7 14. Rac1 Nh7 15. b4 Ne7 16. Na4 c6 17. Nc5 Nf8 18. Ne5 Nd7 19. Nexd7 Bxd7 20. Nxb7 Qf6 21. Nc5 Bc8 22. Nb3 h5 23. Na5 Bd7 24. Qc5 Qg5 25. Kh1 Qh4 26. Kh2 Qf6 27. Qc2 g5 28. f4 g4 29. Qf2 Nf5 30. Bxf5 Qxf5 31. Nxc6 gxh3 32. g3 f6 33. Na5 Re7 34. Rc5 Rae8 35. Rc3 Kh6 36. Nb7 Re6 37. Nc5 R6e7 38. Nxd7 Rxd7 39. Re1 h4 40. Rg1 Rg7 41. gxh4 Reg8 42. e4 Qxe4 43. Rxg7 Rxg7 44. Kxh3 Qh1+ 45. Qh2 Qf1+ 0-1

[Event "Titled Tuesday intern op 09th Jan Early"]
[Site "Chess.com INT"]
[Date "2024.01.09"]
[Round "3"]
[White "Eilenberg, Jonas"]
[Black "Bettalli, Francesco"]
[Result "1-0"]
[WhiteElo "2318"]
[BlackElo "2271"]
[PlyCount "35"]
[EventDate "2024.01.09"]
[EventType "swiss (blitz)"]
[EventRounds "11"]
[EventCountry "USA"]
[SourceTitle "CB03_2024"]
[SourceDate "2024.01.17"]
[SourceVersion "1"]
[SourceVersionDate "2024.01.17"]
[SourceQuality "1"]

1. d4 Nf6 2. Nc3 d5 3. Bf4 c5 4. e3 Qa5 5. dxc5 Nc6 6. Nf3 Bg4 7. a3 Qxc5 8. Nb5 0-0-0 9. b4 Bxf3 10. gxf3 Nxb4 11. axb4 Qxb4+ 12. c3 Qc5 13. Nxa7+ Kd7 14. Bb5+ Ke6 15. Qd4 Qxd4 16. cxd4 Nh5 17. Bc7 Rc8 18. Nxc8 1-0

[Event "Titled Tuesday intern op 09th Jan Early"]
[Site "Chess.com INT"]
[Date "2024.01.09"]
[Round "6"]
[White "Eilenberg, Jonas"]
[Black "Parfenov, Viktor N"]
[Result "1-0"]
[WhiteElo "2318"]
[BlackElo "2193"]
[PlyCount "83"]
[EventDate "2024.01.09"]
[EventType "swiss (blitz)"]
[EventRounds "11"]
[EventCountry "USA"]
[SourceTitle "CB03_2024"]
[SourceDate "2024.01.17"]
[SourceVersion "1"]
[SourceVersionDate "2024.01.17"]
[SourceQuality "1"]

1. d4 d5 2. Nc3 Nf6 3. Bf4 c5 4. e3 cxd4 5. exd4 Bg4 6. f3 Bd7 7. Nb5 Bxb5 8. Bxb5+ Nc6 9. c3 e6 10. Ne2 Bd6 11. Qd2 0-0 12. Bg5 e5 13. dxe5 Bxe5 14. 0-0-0 Qb6 15. Bd3 d4 16. f4 dxc3 17. Nxc3 Bxc3 18. Qxc3 Nb4 19. Kb1 Rac8 20. Bc4 Ne4 21. Bxf7+ Kh8 22. Qh3 Rc2 23. Bb3 Nd2+ 24. Ka1 Nxb3+ 25. Qxb3 Rxg2 26. a3 Nc2+ 27. Ka2 Qxb3+ 28. Kxb3 Ne3 29. Rd7 h6 30. Bh4 Rxf4 31. Bg3 Rf3 32. Rxb7 Nd1+ 33. Ka2 Nc3+ 34. Ka1 Na4 35. Rc1 a5 36. Be5 Re3 37. Bd4 Rd3 38. Rc4 Rd1+ 39. Ka2 Rdd2 40. Rxa4 Rxh2 41. Bxg7+ Kh7 42. Be5+ 1-0

[Event "Rilton Cup 51st"]
[Site "Stockholm"]
[Date "2023.12.31"]
[Round "5"]
[White "Eilenberg, Jonas"]
[Black "Socko, Monika"]
[Result "0-1"]
[WhiteElo "2318"]
[BlackElo "2396"]
[PlyCount "64"]
[EventDate "2023.12.27"]
[EventType "swiss"]
[EventRounds "9"]
[EventCountry "SWE"]
[SourceTitle "CB02_2024"]
[SourceDate "2024.01.10"]
[SourceVersion "1"]
[SourceVersionDate "2024.01.10"]
[SourceQuality "1"]

1. d4 Nf6 2. c4 e6 3. Nc3 Bb4 4. Qc2 d6 5. Bd2 0-0 6. a3 Bxc3 7. Bxc3 d5 8. e3 b6 9. cxd5 exd5 10. Bd3 Ba6 11. Bxa6 Nxa6 12. Ne2 Qd7 13. 0-0 Rfe8 14. Rae1 c6 15. Qd3 Nc7 16. f3 Nb5 17. Ng3 Rad8 18. e4 dxe4 19. fxe4 Nxd4 20. Rxf6 gxf6 21. Nh5 Re6 22. Qg3+ Kf8 23. Qg7+ Ke7 24. Kh1 c5 25. Ng3 Re5 26. Rf1 Qe6 27. h4 h5 28. Kh2 Rd6 29. Rf4 Kd7 30. Qh8 Kc7 31. Qa8 Nb5 32. Bxe5 fxe5 0-1

[Event "Rilton Cup 51st"]
[Site "Stockholm"]
[Date "2023.12.28"]
[Round "2"]
[White "Eilenberg, Jonas"]
[Black "Kuznecova, Marija"]
[Result "1/2-1/2"]
[WhiteElo "2318"]
[BlackElo "2011"]
[PlyCount "79"]
[EventDate "2023.12.27"]
[EventType "swiss"]
[EventRounds "9"]
[EventCountry "SWE"]
[SourceTitle "CB02_2024"]
[SourceDate "2024.01.10"]
[SourceVersion "1"]
[SourceVersionDate "2024.01.10"]
[SourceQuality "1"]

1. e4 c5 2. Nf3 Nc6 3. Bc4 d6 4. 0-0 g6 5. c3 Bg7 6. h3 e5 7. Re1 h6 8. d4 cxd4 9. cxd4 exd4 10. Na3 Nge7 11. Nb5 0-0 12. Nbxd4 Nxd4 13. Nxd4 d5 14. exd5 Nxd5 15. Nb5 Be6 16. Nd4 Bc8 17. Bb3 Nb4 18. Be3 Nd5 19. Bc1 Nb4 20. Re4 Kh7 21. Bd2 Na6 22. Bc3 Nc5 23. Re3 Qb6 24. Qf3 Nxb3 25. Nxb3 Be6 26. Rae1 a5 27. Bxg7 Kxg7 28. Qf4 a4 29. Qe5+ Kh7 30. Nc5 Ra5 31. Nxe6 Rxe5 32. Nxf8+ Kg7 33. Rxe5 Kxf8 34. R5e2 Qb5 35. Re4 Kg7 36. Rd4 h5 37. Ree4 Qxb2 38. Rxa4 Qb1+ 39. Kh2 b5 40. Rab4 1/2-1/2

[Event "Berlin Radtke Memorial op"]
[Site "Berlin"]
[Date "2023.10.26"]
[Round "5"]
[White "Petrov, Martin"]
[Black "Eilenberg, Jonas"]
[Result "1-0"]
[WhiteElo "2500"]
[BlackElo "2324"]
[PlyCount "77"]
[EventDate "2023.10.23"]
[EventType "swiss"]
[EventRounds "9"]
[EventCountry "GER"]
[SourceTitle "Mega2024 Update 01"]
[Source "Chessbase"]
[SourceDate "2023.11.12"]
[SourceVersion "1"]
[SourceVersionDate "2023.11.12"]
[SourceQuality "1"]

1. c4 e6 2. Nf3 d5 3. e3 c5 4. cxd5 exd5 5. b3 Nc6 6. Bb2 Nf6 7. Be2 Be7 8. 0-0 0-0 9. d4 Ne4 10. dxc5 Bf6 11. Nd4 Nxc5 12. Nxc6 bxc6 13. Bxf6 Qxf6 14. Nd2 Bf5 15. Rc1 Nd7 16. Nf3 Be4 17. Nd2 Bf5 18. Nf3 Be4 19. Nd4 c5 20. Nb5 Qg5 21. g3 Rfd8 22. Nc3 Nf6 23. Nxe4 Nxe4 24. Qc2 Qe5 25. Bd3 Ng5 26. Qxc5 Nf3+ 27. Kg2 Qh5 28. Qe7 Re8 29. Qd7 Ng5 30. h4 Qf3+ 31. Kg1 Ne6 32. Rfd1 d4 33. exd4 Rad8 34. Qc6 Qxc6 35. Rxc6 Nxd4 36. Rcc1 g6 37. Kg2 Kg7 38. Rc7 a5 39. Bc4 1-0